000 00434nam a2200097Ia 4500
008 180130s9999 xx 000 0 und d
245 _cQian, Zhenyu Cheryl; Chen, Yingjie Victor
_aFluency of visualizations: linking spatiotemporal visualizations to improve cybersecurity visual analytics
260 _c2016
300 _aBook title: Computer and information security--Acession number C20546; pages 98-112
650 _aINFORMATION SECURITY
999 _c354115
_d354115